| 000 | 00400nam a22001217a 4500 | ||
|---|---|---|---|
| 082 | _a220 PRO | ||
| 100 |
_aEMAD,FAISAL,UMAIR _972231 |
||
| 245 | _aPR-SOF-1152-PARAMETRIC STUDY OF VEHICLE DYNAMICS ANDUSING IT TO IMPROVE 4-WHEELED VEHICLE'S YAWCONTROL AND STABILITY | ||
| 260 |
_aISLAMABAD _bNUST COLLEGE OF EME _c2012 |
||
| 650 |
_aDE-MECH-30 _972232 |
||
| 700 |
_aRAJA AMER AZIM _970284 |
||
| 942 | _cCR | ||
| 999 |
_c578358 _d578358 |
||